00768nam a2200169 a 450000500170000000800410001702000180005805000220007610000160009824500410011426000460015530000230020144000210022452003110024565000210055665000210057720140412111306.0000818s19uu xx 00 eng d a0-7214-9661-X aTR(PS EbEd9 1996 aPace, David aEdward goes exploring /cDavid Pace. aLeicestershire, UK :bLadybird Books Ltd. a1 v. (unp.) ; ill. aPicture Ladybird aEdward dreams about animals. All kinds of animals. He's scientist, an adventurer, an explorer extraordinaire. Edward knows that the garden is really a jungle, that all sorts of strange things are lurking out there. With his net in his rucksack, he sets off again to find a new animal and give it a name! aAnimals--Fiction aChildren stories